000 00442nam a2200181Ia 4500
005 20240823042029.0
008 240823s9999||||xx |||||||||||||| ||und||
041 _aENGLISH
082 _A621.319 N8
100 _aUmesh Sinha
245 0 _aTransmission lines and network
250 _a5th
260 _c1998
_b"Satya Prakashan,New Delhi"
500 _aTRANSFERED
650 _aTransmission
_bElectrical
942 _cBK
999 _c206903
_d206903